000 00764nam a2200241Ia 4500
003 OSt
005 20220926011925.0
006 a|||||r|||| 00| 0
007 ta
008 220923b |||||||| |||| 00| 0 eng d
037 _cGeneral Book
040 _aRTL
_cRTL
_beng
041 _2eng
_aeng
082 _aX:8:(B2815), K2
100 _aBlood Jerome W. Ed.
_9242991
245 0 _aAdvances in management information systems techniq
260 _aNew York
_bAmerican Management Association U. S. A.
_c1962
300 _a16p.
_ccm.
500 _aAmerican Management Association, Management Bulletin, 16.
650 _aStatistical Management
_9244227
942 _hX:8:(B2815), K2
_cGB
_2CC
999 _c621290
_d621290